Wastewater treatment : (Record no. 77477)

MARC details
000 -LEADER
fixed length control field 00615nam a22002057a 4500
005 - DATE AND TIME OF LATEST TRANSACTION
control field 20130715123732.0
010 ## - LCCN (DPL NO)
LC control number ENG-107982
020 ## - INTERNATIONAL STANDARD BOOK NUMBER
International Standard Book Number 9788120347359
Terms of availability 425.00
035 ## - SYSTEM CONTROL NUMBER
System control number EN-91515
037 ## - SOURCE OF ACQUISITION
Source of stock number/acquisition DBAD/PUB
100 ## - MAIN ENTRY--PERSONAL NAME
Personal name Karia, G.L.
245 ## - TITLE STATEMENT
Title Wastewater treatment :
Statement of responsibility, etc by G.L. Karia [and] R.A. Christian
Remainder of title Concepts and design approach /
250 ## - EDITION STATEMENT
Edition statement 2th ed
260 ## - PUBLICATION, DISTRIBUTION, ETC. (IMPRINT)
Place of publication, distribution, etc Delhi
Name of publisher, distributor, etc PHI Learning
Date of publication, distribution, etc 2013
270 ## - ADDRESS
Address Rimjhim house,111, Patparganj Industrial Estate,
City Delhi
Postal code 110092
300 ## - PHYSICAL DESCRIPTION
Extent ix,437p. :
Dimensions 22cm(pbk)
Other physical details ill.
500 ## - GENERAL NOTE
General note Includes index
700 ## - ADDED ENTRY--PERSONAL NAME
Personal name Christian, R.A.
942 ## - ADDED ENTRY ELEMENTS (KOHA)
Source of classification or shelving scheme Dewey Decimal Classification
Item type English Books
Call number suffix KAR
Holdings
Withdrawn status Lost status Not for loan Collection code Home library Current library Date acquired Source of acquisition Cost, normal purchase price Full call number Barcode Copy number Cost, replacement price Koha item type
    Not For Loan Non-fiction D.B.Act.Division D.B.Act.Division 15/07/2013 DBAD/PUB 425.00 KAR EN-91515 1 425.00 English Books

© Delhi Public Library
Hit Counter
free hit counter